[Event "World Rapid 2017"]
[Site "Riyadh KSA"]
[Date "2017.12.26"]
[Round "2.57"]
[White "Saric, Ivan"]
[Black "Bukannan, Ahmed A"]
[Result "1-0"]
[WhiteTitle "GM"]
[WhiteElo "2669"]
[BlackElo "1929"]
[WhiteFideId "14508150"]
[BlackFideId "21504164"]
[EventDate "2017.12.26"]

1. e4 Nf6 2. e5 Nd5 3. d4 d6 4. Nf3 Bg4 5. Be2 c6 6. O-O Bxf3 7. Bxf3 dxe5 8.
dxe5 e6 9. Nd2 Be7 10. c4 Nb6 11. Qe2 Qc7 12. b3 a5 13. Bb2 N8d7 14. Be4 O-O 15.
Bc2 Rfd8 16. f4 g6 17. Ne4 a4 18. Rad1 axb3 19. axb3 Nf8 20. Rxd8 Rxd8 21. g4
Nbd7 22. Kh1 Nc5 23. f5 Nxe4 24. Bxe4 Bg5 25. Bc3 Qb6 26. Qf3 Qe3 27. Qxe3 Bxe3
28. Kg2 Rd7 29. Kf3 Bd4 30. Bxd4 Rxd4 31. Ke3 Rd8 32. Ra1 exf5 33. gxf5 Re8 34.
Kf4 gxf5 35. Bxf5 Ng6+ 36. Bxg6 hxg6 37. Ra7 Re7 38. b4 Kg7 39. c5 f6 40. e6 Kf8
41. h4 Rc7 42. h5 gxh5 43. Kf5 Ke7 44. Ra8 h4 45. Rh8 h3 46. Rxh3 Rc8 47. Rh7+
Ke8 48. Kxf6 1-0

[Event "World Rapid 2017"]
[Site "Riyadh KSA"]
[Date "2017.12.26"]
[Round "2.58"]
[White "Masrahi, Abdulrahman A"]
[Black "Dervishi, Erald"]
[Result "0-1"]
[WhiteTitle "CM"]
[BlackTitle "GM"]
[WhiteElo "1962"]
[BlackElo "2552"]
[WhiteFideId "21501564"]
[BlackFideId "4700236"]
[EventDate "2017.12.26"]

1. d4 Nf6 2. Bf4 e6 3. e3 c5 4. c3 b6 5. Nf3 Bb7 6. h3 Be7 7. Nbd2 cxd4 8. exd4
d6 9. Be2 O-O 10. O-O Nbd7 11. a4 a6 12. Bh2 Re8 13. Nc4 Qc7 14. Re1 Bf8 15. Bf1
g6 16. Qd3 Rad8 17. Rad1 Qc6 18. Qc2 Qc7 19. Qd3 Bc6 20. Qc2 Bxf3 21. gxf3 Nb8
22. Qb3 Nd5 23. Ne3 Nxe3 24. fxe3 Qb7 25. e4 d5 26. e5 Nc6 27. Bd3 Ra8 28. Bf4
Rec8 29. h4 h5 30. Re2 Be7 31. Rh2 Kf8 32. Bh6+ Ke8 33. Qc2 Nxd4 34. Qf2 Nf5 35.
Bxf5 gxf5 36. Bg5 Kd7 37. Bxe7 Kxe7 38. Rd4 Rg8+ 39. Rg2 Qc7 40. Qe3 Rxg2+ 41.
Kxg2 Rg8+ 42. Kf2 a5 43. Qf4 Rg6 44. c4 Qc5 45. cxd5 exd5 46. Qe3 Ke6 47. f4 Rg4
48. Rd3 Rxf4+ 0-1

[Event "World Rapid 2017"]
[Site "Riyadh KSA"]
[Date "2017.12.26"]
[Round "2.59"]
[White "Salama, Taher"]
[Black "Grigoriants, Sergey"]
[Result "0-1"]
[BlackTitle "GM"]
[WhiteElo "1769"]
[BlackElo "2561"]
[WhiteFideId "11502231"]
[BlackFideId "4130804"]
[EventDate "2017.12.26"]

1. d4 Nf6 2. c4 g6 3. Nc3 d5 4. e3 Bg7 5. Nf3 O-O 6. Bd3 c5 7. O-O cxd4 8. exd4
Nc6 9. Re1 Bg4 10. Be3 Rc8 11. Rc1 Nb4 12. Be2 dxc4 13. Ne5 Be6 14. a3 Nbd5 15.
Nxd5 Nxd5 16. Nxc4 Rc7 17. Nd2 Rxc1 18. Qxc1 Qb6 19. Nc4 Qb3 20. Na5 Qb6 21. Nc4
Qc7 22. Nd2 Qb8 23. Nf3 Rd8 24. h3 Bf5 25. Qc5 b6 26. Qc6 Be4 27. Qc1 Rc8 28.
Qa1 Nxe3 29. fxe3 Rc2 30. Bd1 Qg3 31. Re2 Rc7 32. Rf2 Bh6 33. Rf1 Bxe3+ 34. Kh1
Rc1 0-1

[Event "World Rapid 2017"]
[Site "Riyadh KSA"]
[Date "2017.12.26"]
[Round "2.60"]
[White "Tregubov, Pavel V."]
[Black "Miswadah, Baha"]
[Result "1-0"]
[WhiteTitle "GM"]
[WhiteElo "2575"]
[BlackElo "1877"]
[WhiteFideId "4115341"]
[BlackFideId "11502118"]
[EventDate "2017.12.26"]

1. d4 d5 2. c4 dxc4 3. Nf3 Nf6 4. e3 e6 5. Bxc4 Bd6 6. Nc3 c5 7. dxc5 Bxc5 8.
Qxd8+ Kxd8 9. O-O Nc6 10. e4 h6 11. h3 a6 12. e5 Nd7 13. Bf4 b5 14. Be2 Ke7 15.
Ne4 Ba7 16. Rfd1 Nb6 17. Rac1 Bd7 18. Nc5 Nd5 19. Bg3 Bxc5 20. Rxc5 Rhc8 21.
Rdc1 Ncb4 22. a3 Rxc5 23. Rxc5 Nc6 24. Kf1 Rc8 25. h4 Na7 26. Rxc8 Nxc8 27. Nd4
Ncb6 28. b3 Nc7 29. Bf4 Nbd5 30. Bd2 f6 31. exf6+ Kxf6 32. b4 e5 33. Nb3 Nf4 34.
Bf3 Bc8 35. g3 Nfd5 36. Nc5 g5 37. hxg5+ hxg5 38. Ne4+ Kg6 39. Nxg5 Bf5 40. Ne4
Nb6 41. Nc5 Nc4 42. Bc3 Kf6 43. Bb7 Nxa3 44. Nxa6 Ne6 45. f4 Nd4 46. Kf2 exf4
47. Bxd4+ Kg5 48. Nc7 fxg3+ 49. Kxg3 Bd7 50. Kf3 Kf5 51. Be4+ Kg5 52. Nd5 Bg4+
53. Ke3 Bf5 54. Bc5 Nc2+ 55. Kd3 Bxe4+ 56. Kxe4 Nxb4 57. Bxb4 Kg4 58. Nc3 Kg5
59. Nxb5 Kf6 60. Nd4 Kg5 61. Be7+ Kg6 62. Ke5 Kf7 63. Bf6 Kg6 64. Ke6 Kh5 65.
Kf5 Kh6 66. Ne6 Kh7 67. Nf4 Kh6 68. Ke6 Kh7 69. Kf7 Kh6 70. Be7 Kh7 71. Bf8 Kh8
72. Ne6 Kh7 73. Ng5+ 1-0

[Event "World Rapid 2017"]
[Site "Riyadh KSA"]
[Date "2017.12.26"]
[Round "2.61"]
[White "Al Abdali, Zeyad Saleh"]
[Black "Ibrahimov, Rasul"]
[Result "0-1"]
[BlackTitle "GM"]
[WhiteElo "1801"]
[BlackElo "2518"]
[WhiteFideId "21501505"]
[BlackFideId "13400495"]
[EventDate "2017.12.26"]

1. d4 Nf6 2. Nf3 e6 3. Bg5 Be7 4. e3 b6 5. Bd3 Bb7 6. Qe2 h6 7. Bh4 c5 8. c3 g5
9. Bg3 g4 10. Ne5 h5 11. f3 d6 12. Nc4 h4 13. Bf2 h3 14. fxg4 hxg2 15. Rg1 Rxh2
16. g5 Ne4 17. g6 Nxf2 18. gxf7+ Kf8 19. Kd2 Nxd3 20. Qg4 Kxf7 21. Kxd3 Rh4 22.
Qg3 b5 23. Nca3 Qh8 24. Nxb5 Nd7 25. Nxd6+ Bxd6 26. Qxd6 Qh7+ 27. Kd2 Nf6 28.
Qc7+ Kg8 29. Qe5 Qf5 30. Qxf5 exf5 31. dxc5 Rd8+ 32. Kc2 Ng4 33. Na3 Nxe3+ 34.
Kb3 f4 35. Rae1 Rh1 36. Rxh1 gxh1=Q 37. Rxh1 Bxh1 0-1

[Event "World Rapid 2017"]
[Site "Riyadh KSA"]
[Date "2017.12.26"]
[Round "2.62"]
[White "Khenkin, Igor"]
[Black "Alem, Ali Hussien"]
[Result "1-0"]
[WhiteTitle "GM"]
[WhiteElo "2554"]
[BlackElo "1745"]
[WhiteFideId "4659600"]
[BlackFideId "21500088"]
[EventDate "2017.12.26"]

1. d4 d5 2. c4 e6 3. Nf3 Nf6 4. Nc3 Be7 5. Bg5 Nbd7 6. e3 O-O 7. Rc1 c6 8. Bd3
Qa5 9. O-O dxc4 10. Bxc4 b5 11. Bd3 Bb7 12. e4 b4 13. Na4 Rac8 14. e5 Nd5 15.
Bxe7 Nxe7 16. Bxh7+ Kh8 17. Be4 Ng8 18. Re1 Rc7 19. Nd2 c5 20. Bxb7 Rxb7 21.
dxc5 Rc7 22. Nc4 Qa6 23. Nd6 Qc6 24. Rc4 a5 25. Rh4+ Nh6 26. g4 Kg8 27. g5 Nf5
28. Nxf5 exf5 29. Qh5 1-0

[Event "World Rapid 2017"]
[Site "Riyadh KSA"]
[Date "2017.12.26"]
[Round "2.63"]
[White "Al Juhani, Bakr"]
[Black "Dzhumagaliev, Yan"]
[Result "0-1"]
[BlackTitle "FM"]
[WhiteElo "1854"]
[BlackElo "2400"]
[WhiteFideId "21500185"]
[BlackFideId "24100110"]
[EventDate "2017.12.26"]

1. e4 c5 2. Nf3 e6 3. Bd3 Nc6 4. c3 d5 5. e5 Qc7 6. Qe2 Nge7 7. Bc2 Bd7 8. O-O
d4 9. d3 Ng6 10. Re1 Be7 11. Nbd2 O-O 12. Nc4 b5 13. Ncd2 a6 14. cxd4 cxd4 15.
Nb3 Qb6 16. Bd2 Rfd8 17. Rac1 a5 18. Qe4 Be8 19. Bf4 a4 20. Nbd2 Nb4 21. Bb1 Bc6
22. Rxc6 Qxc6 23. Qxc6 Nxc6 24. Bg3 Bb4 25. a3 Ba5 26. Rd1 Bxd2 27. Rxd2 Rac8
28. Rd1 Na5 29. Nd2 Rd5 30. f4 Rdc5 31. Ba2 Rc1 32. Rxc1 Rxc1+ 33. Kf2 Ra1 34.
f5 Nf8 35. Bb1 Nb3 0-1

[Event "World Rapid 2017"]
[Site "Riyadh KSA"]
[Date "2017.12.26"]
[Round "2.64"]
[White "Abdyjapar, Asyl"]
[Black "Alanazy, Mohammed"]
[Result "1-0"]
[WhiteTitle "IM"]
[WhiteElo "2382"]
[BlackElo "1850"]
[WhiteFideId "13800337"]
[BlackFideId "21508488"]
[EventDate "2017.12.26"]

1. d4 d5 2. c4 c6 3. Nf3 Nf6 4. e3 Bf5 5. Nc3 e6 6. Bd3 Bg4 7. h3 Bh5 8. O-O Bd6
9. e4 dxe4 10. Nxe4 Nxe4 11. Bxe4 O-O 12. Qb3 Qb6 13. Qc2 f5 14. c5 Qd8 15. Bd3
Bxf3 16. gxf3 Bc7 17. Re1 Qh4 18. Rxe6 Qxh3 19. f4 Qg4+ 20. Kf1 Qh3+ 21. Ke1 Na6
22. Qb3 Kh8 23. Bxa6 Qxb3 24. axb3 bxa6 25. Rxc6 Rae8+ 26. Kf1 Bb8 27. d5 Rd8
28. d6 Kg8 29. Rcxa6 h5 30. Be3 Rfe8 31. Kg2 Re6 32. Rh1 g6 33. Kf3 Kf7 34. Ra4
Ke8 35. Rd1 Kf7 36. Rc4 Re4 37. Rxe4 fxe4+ 38. Kxe4 Ke6 39. Rg1 Re8 40. Rxg6+
Kd7+ 41. Kd5 Rh8 42. c6+ Kd8 43. c7+ Bxc7 44. dxc7+ Kxc7 45. f5 h4 46. Rh6 1-0

[Event "World Rapid 2017"]
[Site "Riyadh KSA"]
[Date "2017.12.26"]
[Round "2.65"]
[White "Al Mahmood, Salman"]
[Black "Esipenko, Andrey"]
[Result "0-1"]
[BlackTitle "FM"]
[WhiteElo "1593"]
[BlackElo "2564"]
[WhiteFideId "11201517"]
[BlackFideId "24175439"]
[EventDate "2017.12.26"]

1. e4 c6 2. d4 d5 3. exd5 cxd5 4. Nf3 Nc6 5. Bd3 Bg4 6. c3 e6 7. O-O Bd6 8. Re1
Nf6 9. Bg5 Bh5 10. Nbd2 Bg6 11. Qe2 Qc7 12. h3 Bxd3 13. Qxd3 Nd7 14. c4 dxc4 15.
Nxc4 O-O 16. Nxd6 Qxd6 17. Rad1 h6 18. Be3 Nb4 19. Qb3 Nd5 20. Nd2 b6 21. Ne4
Qe7 22. Nc3 N7f6 23. Bd2 Qd7 24. Rc1 Rfc8 25. Rc2 Nxc3 26. Bxc3 Nd5 27. Rec1 Rc7
28. Bd2 Rac8 29. Rc4 Rxc4 30. Rxc4 Rxc4 31. Qxc4 Ne7 32. a4 Nf5 33. Be3 Nd6 34.
Qc2 Nf5 35. Qc4 Qb7 36. Qc2 Nh4 37. f3 Nf5 38. Bf2 Ne7 39. b3 b5 40. axb5 Qxb5
41. Qc5 Qb7 42. b4 a6 43. Qa5 Nc6 44. Qc5 Nxb4 45. Bg3 Nd5 46. Qc1 a5 47. Qa3
Qb4 48. Qd3 a4 49. Kh2 a3 50. Qa6 Qb2 51. Bd6 a2 52. Qa8+ Kh7 53. Ba3 a1=Q 54.
Bxb2 Qxa8 55. Bc1 Qa1 56. Bd2 Qxd4 57. Be1 f5 58. Ba5 e5 59. Be1 e4 60. fxe4
fxe4 61. Bg3 e3 62. h4 e2 63. Be1 Ne3 64. h5 Qf4+ 65. Kh1 Qg4 66. Bf2 Qxg2# 0-1

[Event "World Rapid 2017"]
[Site "Riyadh KSA"]
[Date "2017.12.26"]
[Round "2.66"]
[White "Christiansen, Johan-Sebastian"]
[Black "Al Bargi, Hassan M"]
[Result "1-0"]
[WhiteTitle "IM"]
[WhiteElo "2495"]
[BlackElo "1579"]
[WhiteFideId "1512668"]
[BlackFideId "21501475"]
[EventDate "2017.12.26"]

1. e4 d5 2. exd5 Qxd5 3. Nc3 Qd8 4. d4 Nf6 5. Nf3 c6 6. Bc4 Bg4 7. Bxf7+ Kxf7 8.
Ne5+ Kg8 9. Nxg4 Nbd7 10. Qe2 Nxg4 11. Qe6# 1-0

[Event "World Rapid 2017"]
[Site "Riyadh KSA"]
[Date "2017.12.26"]
[Round "2.67"]
[White "El Adnani, Mokliss"]
[Black "Al Saidi, Mohammed Khalfan"]
[Result "1-0"]
[WhiteTitle "IM"]
[WhiteElo "2448"]
[BlackElo "1468"]
[WhiteFideId "9000410"]
[BlackFideId "22001271"]
[EventDate "2017.12.26"]

1. c4 Nf6 2. Nc3 g6 3. g3 c5 4. Bg2 Nc6 5. e3 Bg7 6. Nge2 O-O 7. O-O e6 8. e4 d6
9. d3 a6 10. h3 Rb8 11. f4 Qc7 12. g4 b5 13. Ng3 Nd4 14. b3 b4 15. Na4 Bd7 16.
Nb2 a5 17. Be3 e5 18. f5 Ne8 19. h4 f6 20. Qd2 Rf7 21. g5 Qc8 22. h5 gxh5 23. g6
hxg6 24. fxg6 Rf8 25. Bxd4 cxd4 26. Nf5 Nc7 27. Ne7+ 1-0

[Event "World Rapid 2017"]
[Site "Riyadh KSA"]
[Date "2017.12.26"]
[Round "3.1"]
[White "Carlsen, Magnus"]
[Black "Eljanov, Pavel"]
[Result "1/2-1/2"]
[WhiteTitle "GM"]
[BlackTitle "GM"]
[WhiteElo "2837"]
[BlackElo "2711"]
[WhiteFideId "1503014"]
[BlackFideId "14102951"]
[EventDate "2017.12.26"]

1. e4 e5 2. Nf3 Nc6 3. Bb5 Nf6 4. d3 Bc5 5. Bg5 h6 6. Bh4 Be7 7. O-O d6 8. d4
O-O 9. Bxc6 bxc6 10. dxe5 Nxe4 11. Bxe7 Qxe7 12. Re1 d5 13. Nbd2 Nxd2 14. Qxd2
Be6 15. b4 c5 16. bxc5 Qxc5 17. Nd4 Rab8 18. h3 Rb4 19. c3 Rb6 20. Qe3 Qe7 21.
Nb3 Rc8 22. Nc5 c6 23. a4 Rcb8 24. Qd4 a5 25. Re3 Kh8 26. Rae1 Rb2 27. Rf3 Rc2
28. Nxe6 fxe6 29. Qd3 Rcb2 30. Qg6 Rf8 31. Ree3 Rbb8 32. Qd3 Qa3 33. Qd4 Qe7 34.
Rxf8+ Rxf8 35. Qb6 Qh4 36. Rg3 Qxa4 37. Qc7 Rg8 38. Rf3 Qb5 39. Qd6 a4 40. Kh2
Qb8 41. c4 Qxd6 42. exd6 dxc4 43. Ra3 Rd8 44. Rxa4 Rxd6 45. Rxc4 Kg8 46. h4 Kf7
47. h5 e5 48. f3 Ke6 49. Rc5 Kd7 50. Rxe5 Rd5 51. Rxd5+ cxd5 52. Kg3 Kd6 53. Kf4
Kc5 54. Ke3 Kc4 55. Kd2 Kd4 56. g3 Kc4 57. Kc2 d4 58. Kd2 d3 59. g4 Kd4 60. f4
Ke4 61. g5 1/2-1/2

[Event "World Rapid 2017"]
[Site "Riyadh KSA"]
[Date "2017.12.26"]
[Round "3.2"]
[White "Grischuk, Alexander"]
[Black "Bortnyk, Olexandr"]
[Result "1-0"]
[WhiteTitle "GM"]
[BlackTitle "GM"]
[WhiteElo "2772"]
[BlackElo "2610"]
[WhiteFideId "4126025"]
[BlackFideId "14120828"]
[EventDate "2017.12.26"]

1. e4 Nf6 2. e5 Nd5 3. d4 d6 4. Nf3 dxe5 5. Nxe5 c6 6. Be2 Bf5 7. O-O Nd7 8. Nf3
e6 9. c4 N5f6 10. Nh4 Bg6 11. Bf4 Ne4 12. Nxg6 hxg6 13. g3 Bd6 14. Be3 Qc7 15.
c5 Be7 16. Nc3 Nxc3 17. bxc3 O-O 18. Bf3 Rfd8 19. Qa4 e5 20. Rab1 Bf6 21. Rfd1
Re8 22. d5 b5 23. cxb6 axb6 24. Qxc6 Qa7 25. Bg4 Nf8 26. d6 Qxa2 27. d7 Reb8 28.
Rxb6 Rd8 29. Qd5 Qc2 30. c4 Ra4 31. Rc6 Ra3 32. Rc8 Ra2 33. Qd3 Qb2 34. Rb1 Ra1
35. Rxa1 Qxa1+ 36. Kg2 Qa6 37. Qd5 Ne6 38. Rxd8+ Nxd8 39. c5 Kf8 40. Bf3 Ne6 41.
c6 Bd8 42. Qd6+ Kg8 43. Qxe5 Qd3 44. h4 Bc7 45. Qd5 Qc2 46. Be4 Qc3 47. Bxg6 Nd8
48. Be4 1-0

[Event "World Rapid 2017"]
[Site "Riyadh KSA"]
[Date "2017.12.26"]
[Round "3.6"]
[White "Volokitin, Andrei"]
[Black "Svidler, Peter"]
[Result "0-1"]
[WhiteTitle "GM"]
[BlackTitle "GM"]
[WhiteElo "2628"]
[BlackElo "2765"]
[WhiteFideId "14107090"]
[BlackFideId "4102142"]
[EventDate "2017.12.26"]

1. e4 e5 2. Nf3 Nc6 3. Bb5 a6 4. Ba4 Nf6 5. O-O Be7 6. d3 d6 7. c3 O-O 8. Re1 b5
9. Bc2 d5 10. Nbd2 d4 11. Nb3 dxc3 12. bxc3 a5 13. a4 b4 14. Bb2 Bg4 15. d4 bxc3
16. Bxc3 Bb4 17. Bxb4 Nxb4 18. dxe5 Nd7 19. Rc1 c5 20. Bb1 Bxf3 21. Qxf3 c4 22.
Nd4 Nxe5 23. Qc3 Ned3 24. Nf5 Qf6 25. Qxc4 Nxe1 26. Rxe1 Rfe8 27. Qc7 Qxf5 0-1

[Event "World Rapid 2017"]
[Site "Riyadh KSA"]
[Date "2017.12.26"]
[Round "3.7"]
[White "Petrosian, Tigran L."]
[Black "Kovalev, Vladislav"]
[Result "1-0"]
[WhiteTitle "GM"]
[BlackTitle "GM"]
[WhiteElo "2601"]
[BlackElo "2639"]
[WhiteFideId "13301616"]
[BlackFideId "13504398"]
[EventDate "2017.12.26"]

1. Nf3 Nf6 2. g3 g6 3. Bg2 Bg7 4. O-O O-O 5. d3 d5 6. Nbd2 Nc6 7. e4 e5 8. c3 a5
9. a4 b6 10. Re1 Bb7 11. exd5 Nxd5 12. Nc4 Re8 13. Qb3 h6 14. Bd2 Qd7 15. Rad1
Kh7 16. Re4 Rad8 17. Rh4 f6 18. Re4 Nde7 19. Ree1 Nf5 20. Bc1 Ba8 21. h4 h5 22.
Qc2 Qf7 23. b3 Kg8 24. Ba3 Nce7 25. Re2 Nd5 26. Rde1 Bb7 27. Nfd2 Ba8 28. Ne4
Rd7 29. d4 exd4 30. Nxf6+ Nxf6 31. Rxe8+ Nxe8 32. Bxa8 dxc3 33. Ne5 Bxe5 34.
Rxe5 Ne3 35. Qe2 Rd1+ 36. Qxd1 Nxd1 37. Bd5 Nf6 38. Bxf7+ Kxf7 39. Re1 Nb2 40.
Re7+ Kg8 41. Rxc7 Nd5 42. Rxc3 Nxc3 43. Bxb2 Ne4 44. Bd4 Nd2 45. Bxb6 Nxb3 46.
Kf1 Nd2+ 47. Ke2 Nc4 48. Bd4 Kf7 49. Kd3 Nd6 50. Bb6 Nb7 51. Kc4 Ke6 52. Kb5 Kd5
53. Bc7 Nc5 54. Bxa5 Ne4 55. Be1 Kd6 56. Kb6 Kd7 57. a5 Kc8 58. Kc6 g5 59. Kd5
Nf6+ 60. Ke6 gxh4 61. gxh4 Ng4 62. f4 1-0

[Event "World Rapid 2017"]
[Site "Riyadh KSA"]
[Date "2017.12.26"]
[Round "3.8"]
[White "Pantsulaia, Levan"]
[Black "Movsesian, Sergei"]
[Result "1/2-1/2"]
[WhiteTitle "GM"]
[BlackTitle "GM"]
[WhiteElo "2612"]
[BlackElo "2647"]
[WhiteFideId "13602071"]
[BlackFideId "310204"]
[EventDate "2017.12.26"]

1. Nf3 d5 2. g3 c6 3. Bg2 Bg4 4. O-O Nd7 5. d4 Ngf6 6. Nbd2 h6 7. Ne5 Bf5 8. c4
e6 9. Qb3 Qb6 10. Nxd7 Nxd7 11. e4 dxe4 12. Nxe4 Bxe4 13. Bxe4 Nf6 14. Bg2 Be7
15. Re1 O-O 16. Bf4 Qxb3 17. axb3 Rfd8 18. Red1 a6 1/2-1/2

[Event "World Rapid 2017"]
[Site "Riyadh KSA"]
[Date "2017.12.26"]
[Round "3.10"]
[White "Alekseev, Evgeny"]
[Black "Ivanchuk, Vassily"]
[Result "1/2-1/2"]
[WhiteTitle "GM"]
[BlackTitle "GM"]
[WhiteElo "2616"]
[BlackElo "2726"]
[WhiteFideId "4138147"]
[BlackFideId "14100010"]
[EventDate "2017.12.26"]

1. e4 e5 2. Nf3 Nc6 3. Bb5 a6 4. Ba4 Nf6 5. d3 d6 6. c3 g6 7. O-O Bg7 8. h3 O-O
9. Be3 Qe7 10. Nbd2 Nd8 11. Re1 Ne6 12. Ng5 Bd7 13. Bxd7 Nxd7 14. Nxe6 Qxe6 15.
Qb3 Qxb3 16. axb3 f5 17. f3 Nf6 18. b4 Rfe8 19. Nb3 c6 20. g4 1/2-1/2

[Event "World Rapid 2017"]
[Site "Riyadh KSA"]
[Date "2017.12.26"]
[Round "3.11"]
[White "Bocharov, Dmitry"]
[Black "Yu, Yangyi"]
[Result "1/2-1/2"]
[WhiteTitle "GM"]
[BlackTitle "GM"]
[WhiteElo "2583"]
[BlackElo "2751"]
[WhiteFideId "4138716"]
[BlackFideId "8603820"]
[EventDate "2017.12.26"]

1. Nf3 c5 2. g3 Nc6 3. Bg2 g6 4. O-O Bg7 5. c4 e5 6. Nc3 Nge7 7. a3 a5 8. Ne1 d6
9. Nc2 h5 10. h4 O-O 11. d3 Rb8 12. Rb1 Be6 13. b4 cxb4 14. axb4 d5 15. cxd5
Nxd5 16. Nxd5 Bxd5 17. Bg5 Qd7 18. Bxd5 Qxd5 19. bxa5 Qxa5 20. Bd2 Qd8 21. Rb5
Qd7 22. Qb1 e4 23. d4 Bxd4 24. Bf4 Rbd8 25. Rxb7 Qe6 26. Rd1 Qc4 27. Rd2 Bg7 28.
Ne3 Qe6 29. Rxd8 Rxd8 30. Rb6 Qe8 31. Kg2 Nd4 32. Bg5 Ra8 33. Nd5 Qe5 34. Nf6+
Kh8 35. e3 Ne6 36. Qxe4 Qxe4+ 37. Nxe4 Be5 38. Rb5 Bg7 39. Rb7 Rf8 40. Be7 Ra8
41. Bb4 Kg8 42. Be7 Bf8 43. Bxf8 Rxf8 44. Kf3 Rd8 45. Ra7 Kg7 46. Ke2 Rd5 47.
Nd2 Rc5 48. Ra2 Nc7 49. Nb3 Re5 50. Rc2 Ne6 51. Rc3 Rb5 52. Kf3 Rf5+ 53. Kg2 Rb5
54. Nc1 Nc5 55. Ne2 Ne6 56. Rc2 Rb4 57. Ra2 Rc4 58. Ng1 Rc5 59. Nf3 Rb5 60. Ra6
Rc5 61. Ra7 Rb5 62. Nd2 Rc5 63. Ne4 Rd5 64. f4 Rd3 65. Kf2 Rd5 66. Ke2 Rd8 67.
Ra5 Re8 68. Nd6 Rd8 69. Nc4 Rc8 70. Ne5 Rc7 71. Kf3 Rb7 72. Rd5 Nf8 73. Nd3 Nd7
74. f5 Nf6 75. Ra5 Ng4 76. fxg6 fxg6 77. Ra6 Rb3 78. Ke2 Kf7 79. Kd2 Rb5 80. Nf4
g5 81. Ra7+ Kf6 82. hxg5+ Rxg5 83. Rh7 Nf2 84. Rh6+ Kf5 85. Nxh5 Ne4+ 86. Kd3
Ke5 87. Nf4 Nxg3 88. Ra6 Kf5 89. Ne6 Rg8 90. Nd4+ Kg4 91. e4 Kf4 92. Rf6+ Ke5
93. Re6+ Kf4 94. e5 Ra8 95. Nc6 Nf5 96. Rf6 Rc8 97. Nd4 Kxe5 98. Rxf5+ Kd6 99.
Rh5 Ra8 100. Nb5+ Kc6 101. Nc3 Kd6 102. Kd4 Ke6 103. Re5+ Kf7 104. Ne4 Ra1 105.
Rb5 Ke7 106. Ke5 Kd7 107. Rc5 Re1 1/2-1/2

[Event "World Rapid 2017"]
[Site "Riyadh KSA"]
[Date "2017.12.26"]
[Round "3.12"]
[White "Kryvoruchko, Yuriy"]
[Black "Jobava, Baadur"]
[Result "0-1"]
[WhiteTitle "GM"]
[BlackTitle "GM"]
[WhiteElo "2689"]
[BlackElo "2690"]
[WhiteFideId "14109182"]
[BlackFideId "13601520"]
[EventDate "2017.12.26"]

1. e4 e5 2. Nf3 Nf6 3. Nxe5 d6 4. Nf3 Nxe4 5. Nc3 Nxc3 6. dxc3 Be7 7. Be3 Nc6 8.
Qd2 Bf5 9. O-O-O O-O 10. h4 Qd7 11. Bd3 Rfe8 12. b3 h5 13. Kb2 g6 14. Nd4 Bxd3
15. Nxc6 Qxc6 16. Qxd3 Bf6 17. g3 Re4 18. Rhe1 Rae8 19. Bd2 a6 20. Rxe4 Rxe4 21.
Re1 d5 22. f3 Rxe1 23. Bxe1 Qe6 24. Bf2 Be5 25. Qe3 b5 26. Qa7 Kh7 27. f4 Bd6
28. Qxa6 b4 29. Bd4 c5 30. Bf2 bxc3+ 31. Kb1 c4 32. Qb6 Qe2 33. Qe3 Qd2 34. bxc4
Bc5 0-1

[Event "World Rapid 2017"]
[Site "Riyadh KSA"]
[Date "2017.12.26"]
[Round "3.14"]
[White "Li, Chao b"]
[Black "Ponomariov, Ruslan"]
[Result "1/2-1/2"]
[WhiteTitle "GM"]
[BlackTitle "GM"]
[WhiteElo "2732"]
[BlackElo "2694"]
[WhiteFideId "8604436"]
[BlackFideId "14103320"]
[EventDate "2017.12.26"]

1. d4 d5 2. c4 dxc4 3. e3 Nf6 4. Bxc4 e6 5. Nf3 c5 6. O-O a6 7. Qe2 b5 8. Bb3
Bb7 9. Rd1 Nbd7 10. a4 b4 11. Nbd2 Be7 12. Nc4 O-O 13. Bd2 Bd5 14. Rac1 Qc7 15.
Be1 Rac8 16. Ncd2 Qb7 17. Bc4 Bxc4 18. Nxc4 Rfd8 19. Na5 Qb6 20. Nc4 Qb7 21. Na5
Qb6 22. Nc4 Qb7 1/2-1/2

[Event "World Rapid 2017"]
[Site "Riyadh KSA"]
[Date "2017.12.26"]
[Round "3.15"]
[White "Sjugirov, Sanan"]
[Black "Ni, Hua"]
[Result "0-1"]
[WhiteTitle "GM"]
[BlackTitle "GM"]
[WhiteElo "2650"]
[BlackElo "2671"]
[WhiteFideId "4189302"]
[BlackFideId "8601160"]
[EventDate "2017.12.26"]

1. Nf3 d5 2. d4 Nf6 3. c4 e6 4. Nc3 Bb4 5. cxd5 exd5 6. Bf4 Ne4 7. Rc1 Bxc3+ 8.
bxc3 g5 9. Be3 f5 10. g3 Rf8 11. Qb3 f4 12. gxf4 gxf4 13. Bd2 Nc6 14. Bg2 Qd6
15. c4 dxc4 16. Qxc4 Be6 17. Qb5 O-O-O 18. Rb1 b6 19. Ng5 Nxg5 20. Bxc6 Kb8 21.
Bb4 Qxd4 22. Qxg5 Bf5 23. e3 fxe3 24. fxe3 Qc4 25. Bxf8 Rxf8 26. Qg7 Rg8 27.
Qxg8+ Qxg8 28. Rc1 Qe6 29. Kf2 Qxa2+ 30. Kf3 Qf7 31. Kg3 Qg6+ 32. Kf2 Be4 33.
Bxe4 Qxe4 34. Rhd1 a5 35. Rd4 Qe5 36. h4 b5 37. Rcd1 Kb7 38. Rd5 Qh2+ 39. Kf3
Kb6 40. Rh5 a4 41. Rxh7 a3 42. Rh8 Kb7 43. Rh5 Qb2 44. Rhd5 a2 45. h5 Kb6 46. h6
a1=Q 47. Rxa1 Qxa1 48. h7 0-1

[Event "World Rapid 2017"]
[Site "Riyadh KSA"]
[Date "2017.12.26"]
[Round "3.16"]
[White "Kuzubov, Yuriy"]
[Black "Amonatov, Farrukh"]
[Result "1/2-1/2"]
[WhiteTitle "GM"]
[BlackTitle "GM"]
[WhiteElo "2699"]
[BlackElo "2636"]
[WhiteFideId "14112906"]
[BlackFideId "14700077"]
[EventDate "2017.12.26"]

1. Nf3 Nf6 2. g3 g6 3. Bg2 Bg7 4. d4 O-O 5. c4 c5 6. O-O d6 7. b3 Nc6 8. Bb2
cxd4 9. Nxd4 Bd7 10. Nc3 a6 11. Nc2 Rb8 12. Nd5 Ne8 13. Bxg7 Nxg7 14. Qd2 b5 15.
cxb5 axb5 16. Rfc1 Ne6 17. b4 Re8 18. Ne1 Ne5 19. Nf3 Nc4 20. Qh6 Nf8 21. Qf4
Bc6 22. e4 Bxd5 23. exd5 e5 24. dxe6 Nxe6 25. Qe4 d5 26. Qd3 Qd6 27. Nd4 Nxd4 1/2-1/2

[Event "World Rapid 2017"]
[Site "Riyadh KSA"]
[Date "2017.12.26"]
[Round "3.17"]
[White "Dreev, Aleksey"]
[Black "Bacrot, Etienne"]
[Result "1-0"]
[WhiteTitle "GM"]
[BlackTitle "GM"]
[WhiteElo "2653"]
[BlackElo "2725"]
[WhiteFideId "4100107"]
[BlackFideId "605506"]
[EventDate "2017.12.26"]

1. d4 d5 2. c4 e6 3. Nc3 Be7 4. Nf3 Nf6 5. Bf4 O-O 6. Rc1 Nbd7 7. cxd5 exd5 8.
e3 c6 9. h3 Re8 10. Bd3 Nf8 11. O-O Bd6 12. Bxd6 Qxd6 13. Bb1 Ng6 14. a3 Ne4 15.
Nxe4 dxe4 16. Ng5 Bf5 17. Qh5 Nh8 18. Nxf7 Qe6 19. Ng5 Qh6 20. Qxh6 gxh6 21. Rc5
hxg5 22. Rxf5 h6 23. h4 gxh4 24. Rf4 Kg7 25. Rg4+ Kf6 26. Rxh4 Nf7 27. Rf4+ Kg7
28. Rxe4 Rxe4 29. Bxe4 Nd6 30. Bd3 Re8 31. Rc1 1-0